000 00371 a2200169 4500
001 190689
020 _a978-85-01-07962-6
040 _cMagnum
100 _aBerry, Steve
240 1 0 _aO lobo das planícies
_lpor
245 1 0 _aO lobo das planícies
300 _a419
362 0 _a2008
440 1 _aRecord
697 _aLITERATURA GERAL ESTRANGEIRA
942 _cBK
999 _c190689
_d190689